L'environnement à l'école. Une révolution pédagogique (Record no. 2375)

MARC details
000 -LEADER
fixed length control field 00646nam a2200217 4500
008 - FIXED-LENGTH DATA ELEMENTS--GENERAL INFORMATION
fixed length control field s1973 fr fre u
040 ## - CATALOGING SOURCE
Original cataloging agency LB-BrCRDP
082 1# - DEWEY DECIMAL CLASSIFICATION NUMBER
Classification number 372.891
Item number DEB
100 1# - MAIN ENTRY--PERSONAL NAME
Personal name Debesse Arviset, M.- L.
245 12 - TITLE STATEMENT
Title L'environnement à l'école. Une révolution pédagogique
Statement of responsibility, etc. M.- L. Debesse - Arviset
260 ## - PUBLICATION, DISTRIBUTION, ETC.
Place of publication, distribution, etc. Paris
Name of publisher, distributor, etc. Puf
Date of publication, distribution, etc. 1973
300 ## - PHYSICAL DESCRIPTION
Extent 136 p.
Dimensions 18 cm
490 0# - SERIES STATEMENT
Series statement Collection SUP
500 ## - GENERAL NOTE
General note Table des matières.
650 4# - SUBJECT ADDED ENTRY--TOPICAL TERM
Topical term or geographic name entry element Environnement
650 4# - SUBJECT ADDED ENTRY--TOPICAL TERM
Topical term or geographic name entry element Géographie
650 4# - SUBJECT ADDED ENTRY--TOPICAL TERM
Topical term or geographic name entry element Enseignement
650 4# - SUBJECT ADDED ENTRY--TOPICAL TERM
Topical term or geographic name entry element Pollution atmosphérique
942 ## - ADDED ENTRY ELEMENTS (KOHA)
Koha item type Books
Holdings
Withdrawn status Lost status Source of classification or shelving scheme Damaged status Not for loan Home library Current library Shelving location Date acquired Source of acquisition Cost, normal purchase price Total Checkouts Full call number Barcode Date last seen Copy number Price effective from Koha item type
    Dewey Decimal Classification     مكتبة دار المعلمين و المعلمات - زحلة مكتبة دار المعلمين و المعلمات - زحلة Salle de Lecture 06/25/2007 CRDP 0.00   372.891 DEB CRZ2475 07/27/2016 1 07/27/2016 Books